Blitz: American Countries Containing 'T' Quiz Stats

Quiz Updated Apr 11, 2016

Challenge
Share
Tweet
Embed
Score 0/10 Timer 01:00
8 Plays Today
% Correct
United States
87.5%
Argentina
81.1%
Trinidad and Tobago
67.9%
Haiti
67.5%
Costa Rica
65.8%
Guatemala
65.5%
Saint Kitts and Nevis
63.6%
Saint Lucia
58.5%
Saint Vincent and the Grenadines
57.2%
Antigua and Barbuda
47.6%

You're not logged in!

Compare scores with friends on all Sporcle quizzes.
Join for Free
OR
Log In

You Might Also Like...

Show Comments

Extras

Top Quizzes Today


Score Distribution

Your Account Isn't Verified!

In order to create a playlist on Sporcle, you need to verify the email address you used during registration. Go to your Sporcle Settings to finish the process.

Report this User

Report this user for behavior that violates our Community Guidelines.

Details: